| 000 | 00662nam a22002177a 4500 | ||
|---|---|---|---|
| 999 |
_c3876 _d3876 |
||
| 001 | 17931 | ||
| 003 | BD-DhUAP | ||
| 005 | 20200312173245.0 | ||
| 008 | 200312t20102011enka b 001 0 eng | ||
| 020 | _a9780340984475 (pbk.) | ||
| 040 |
_aUKM _cUKM _dBD-DhUAP _bEng |
||
| 082 | 0 | 4 |
_223 _a418 INT |
| 245 | 0 | 3 |
_aAn introduction to applied linguistics / _cedited by Norbert Schmitt. |
| 250 | _a2nd ed. | ||
| 260 |
_aLondon : _bHodder Education, _cc2010 [2011]. |
||
| 300 |
_aix, 342 pages : _billustrations ; _c24 cm. |
||
| 504 | _aIncludes bibliographical references and index. | ||
| 650 | 0 | _aApplied linguistics. | |
| 700 | 1 | _aSchmitt, Norbert. | |
| 942 |
_2ddc _cBK |
||